[Event "Turnier 40 / 120"]
[Site "DESKTOP-NL3KVDB"]
[Date "2023.03.13"]
[Round "41"]
[White "Mephisto Phönix Tasc R40 V 2.5 Aktiv - 40 MHZ"]
[Black "MCGE ARM CORTEX M7 - 300 MHZ"]
[Result "0-1"]
[BlackElo "2405"]
[WhiteElo "2401"]

{Analyse --> Komodo 13.02.} 1. b3 {Buchende} Nf6 2. d4 {Buchbewertung Tasc
R40 V 2.5: -0,10} c5 {Buchende} 3. dxc5 Qa5+ {Buchbewertung MCGE: 0,00 /
lt. Komodo ist die Stellung etwa gleich} 4. c3 Qxc5 5. e4? {und schon
wieder ein völlig unnötiges Bauerngeschenk gibt einen Zentrumsbauern für
nichts, dafür hat Weiss einfach absolut keine Kompensation und Schwarz
schon wieder einen gesunden Mehrbauern, Komodo -1,00, ob es ein
beabsichtigtes Geschenk ist sei dahingestellt, denn Tasc R40 rechnet NICHT
damit, dass es angenommen wird, sondern erwartet e5 ?} Nxe4 {aber Genius
überrascht seinen Gegner indem er das Geschenk dankend annimmt, klar warum
auch nicht.} 6. Be3 {Tasc R40 tut als sei der Bauer nichts wert: Bewertung:
+0,01} Qc7 {MCGE sieht es anders, Bewertung: +0,82} 7. Nd2 Nf6 8. Bb5?
{auch nur zweitklassig, danach ist die Partie praktisch schon verloren,
Komodo -1,80} a6 9. Bd3 Nd5 10. Ne2 Nxe3 11. fxe3 Qc5 12. Rf1? {ein ganz
schlechter Zug, Komodo -2,00} Qxe3? {MCGE nimmt den 2. Bauern an, jedoch in
diesem Fall hätte er lt. Komodo besser daran getan, das mit Sc6 !
abzulehnen, Komodo +1,20, allerdings muss man sagen aus Sicht eines Oldies
mehr als verständlich, er hat einen 2. Mehrbauern, trotzdem in diesem Fall
zu gierig, ein schlechter Zug} 13. Nc4 Qc5 14. Nd4 d5?? {ein ganz
schlechter Zug, der nahezu den gesamten Vorteil verspielt, danach kann
Weiss mittels Df3 !! dem Ausgleich bereits nahe kommen.} 15. b4? {klar
schwächer als Df3, Komodo -0,80} Qc7 16. Qh5 e6 17. Qe5??? {ein HORRORZUG,
einfach indiskutabel, in dieser Situation die Damen zu tauschen und Schwarz
von allen Sorgen zu befreien, danach hat er natürlich 2 Mehrbauern und alle
Gefahr ist beseitigt, nach einem derartigen Zug sollte man eigentlich den
Stecker ziehen, Komodo -3,30, nötig war natürlich Se5 !} Qxe5+
{alternativlos und das war es !!, der Rest muss nicht mehr kommentiert
werden auch wenn vielleicht noch ein paar nicht ideale Züge von MCGE
kommen, jedoch hier ist alles erledigt !} 18. Nxe5 f6 19. Ng4 Nc6 20. Nxc6
bxc6 21. Kd2 Bd6 22. g3 h5 23. Nf2 h4 24. Rh1 Kf7 25. a3 a5 26. gxh4 Rxh4
27. h3 Bg3 28. Ke2 e5 29. Rag1 Bxf2 30. Kxf2 axb4 31. Kg3 Rxh3+ 32. Rxh3
Bxh3 33. Kxh3 Rxa3 34. Bg6+ Ke6 35. Kg2 Rxc3 {gegen diese Bauernwalze ist
wahrlich kein Kraut mehr gewachsen, Userentscheid: 0-1} 0-1
[/pgn]
[pgn]

[Event "Turnier 40 / 120"]
[Site "Wien"]
[Date "2021.04.20"]
[Round "42"]
[White "MCGE ARM CORTEX M7 - 300 MHZ"]
[Black "Mephisto Phönix Tasc R40 V 2.5 Aktiv - 40 MHZ"]
[Result "0-1"]
[BlackElo "2401"]
[WhiteElo "2405"]

{Analyse ---> Komodo 13.02.} 1. Nf3 d5 2. d4 Nc6 {Buchende} 3. Bf4
{Buchende} f6 {Buchbewertung Tasc R40 V 2.5: -0,22} 4. e3 {Buchbewertung
MCGE: +0,62 / lt. Komodo steht Weiss etwas besser mit ca. +0,50} g5 5. Bg3
g4 {dieser Vorstoss ist voreilig und nicht zu empfehlen, Komodo -1,00,
deutlich besser ist h5} 6. Nfd2 {besser ist Sh4, Komodo +0,60} e5 7. Bb5
{besser ist dxe5, nach dem Textzug steht Weiss nur noch eine Nuance besser
mit ca. +0,20} exd4 8. exd4 Qe7+ 9. Kf1 {besser ist Le2, die Stellung ist
im Lot} Bf5 10. Nc3 O-O-O 11. Bxc6? {weniger gut, danach steht Schwarz
bereits etwas besser, Komodo -0,50, besser ist Sb3 mit Ausgleich} bxc6 12.
Rb1? {ein schlechter Zug, der Schwarz bereits klar in Vorteil bringt,
Komodo -1,20, deutlich besser ist Sa4 oder Sb3} h5! {richtig} 13. b4?? {ein
Verlustzug !!, MCGE hat völlig den Überblick verloren und trifft eine
Fehlentscheidung nach der anderen, nach dem Textzug ist die Partie bereits
klar verloren, Komodo -2,20, deutlich besser ist Lf4 mit ca. -1,20,
allerdings muss man wieder dazusagen aus Sicht der Top-Engine, Tasc R40
wird es noch gewinnen müssen da muss man noch abwarten, erledigt ist es
noch nicht} h4 14. Bf4 Bh6 15. Bxh6 Nxh6 16. b5 cxb5 17. Rxb5 c6 18. Rc5
Rhe8 19. Ne2 Kc7 20. Nf4 Bc8 21. Ra5 {also in dieser Stellung ist MCGE
wahrlich ahnungslos, er bewertet sich hier sogar leicht positiv mit +0,28 /
in Wahrheit ist die Partie hier bereits hoffnungslos verloren, Tasc R40 hat
sehr gut gespielt und den Vorteil weiter ausgbaut / Komodo -3,00 !!} Kb8!
{Tasc R40 V 2.5: +0,75 jeder Zug sitzt hier, wieder die beste Fortsetzung
!, Komodo +3,20} 22. Qc1 Nf5! {stark, wieder der beste Zug, Komodo +3,80}
23. Ra4 a5 24. Qb1+ Ka7 25. Qd1 {Komodo -5,00, da ist nichts mehr zu retten
für Weiss} Ba6+ 26. Nd3 Kb6 27. Nb3 Bb5! {echt stark, neuerlich der beste
Zug !, Komodo +6,00} 28. Rxa5 {etwas besser ist noch Sbc5, aber hier ist
ohnehin nichts mehr zu retten, Komodo -7,00} Nxd4?? {ein ganz schlechter
Zug, der den Vorteil von Schwarz halbiert, Komodo +3,50 (dennoch steht
Schwarz klar auf Gewinn), sofort gewonnen hätte Lxd3 mit +7,00} 29. Nxd4
Kxa5 30. Nxb5 cxb5 31. Qxg4 {der Vorteil von Schwarz ist wieder kräftig
angewachsen, Komodo -5,00} Rc8 32. Qd1 Qc7 33. g3 Qxc2??? {ein
Katastrophenzug, der ganze 7 Bauerneinheiten !! einbüsst, dennoch kann sich
Schwarz auch das leisten und steht weiterhin klar auf Gewinn, Komodo +3,00,
die Fortsetzung h3 !! hätte Komodo bereits mit +10,00 bewertet} 34. Kg2 Re2
35. Rf1 {mehr Widerstand leistet noch gxh4, Komodo -4,00} hxg3 36. hxg3
Qxd1 37. Rxd1 Rxa2 {Rest geschenkt} 0-1
[/pgn]
[pgn]

[Event "Turnier 40 / 120"]
[Site "DESKTOP-NL3KVDB"]
[Date "2023.03.14"]
[Round "43"]
[White "Mephisto Phönix Tasc R40 V 2.5 Aktiv - 40 MHZ"]
[Black "MCGE ARM CORTEX M7 - 300 MHZ"]
[Result "1-0"]
[BlackElo "2405"]
[WhiteElo "2401"]

{Analyse ---> Komodo 13.02.} 1. Nf3 c5 2. e4 g6 3. d4 cxd4 4. Qxd4 Nf6 5.
Bb5 Nc6 6. Bxc6 bxc6 {Buchende} 7. e5 Nh5 {Buchbewertung MCGE: -0,21} 8. e6
{Buchende} Bg7 9. exf7+ {Buchbewertung Tasc R40 V 2.5: +0,13 / lt. Komodo
steht Schwarz etwas besser mit ca. +0,60} Kxf7 10. Qa4 Ke8??? {das ist
natürlich völliger Schwachsinn, den König wieder in die Ausgangslage und
Brettmitte zu stellen, danach steht Weiss bereits klar besser, Komodo
-1,00, Schwarz wäre gut beraten gewesen die "künstliche" Rochade
anzustreben mittels Tf8, gefolgt von Kg8, danach wäre Schwarz etwas besser
gestanden (der Textzug büsst gute 1,5 Bauerneinheiten !! ein)} 11. Nc3 Bb7
12. Be3 c5 13. O-O-O Bxf3 14. gxf3 Bxc3 15. bxc3 {Schwarz gibt beide
starken Fiancettoläufer auf, aber hier kein Vorwurf, selbst Komodo 13.02.
hätte das so gemacht, Weiss steht noch etwas besser mit ca. +0,60,
allerdings muss man schon sagen, die Bauernstruktur von Weiss ist eine
echte Katastrophe die man auch nicht alle Tage sieht, mit 6 Isolanies !!!,
davon 2 Doppelbauern, grauenhaft !} Rf8 16. Bxc5 {besser ist Td5} Rf4 17.
Qa3 e6 18. Rhe1 Qc8 19. Bd6 {besser ist Te5} Rxf3 20. Rd3? {ein schwacher
Zug, der jeglichen Vorteil abgibt, danach ist die Stellung im Lot, Komodo
0,00, Vorteil versprach noch Da4 mit ca. +0,50} Rxf2 21. Qa4 Rf6??? {ein
absoluter Verlustzug, danach ist die Partie sofort verloren, Komodo -4,00
!!, nötig war Kf7 mit Ausgleich, hier gewinnt die Fortsetzung Tf3 ! (auch
Tasc R40 hätte Tf6 vorgeschlagen)} 22. Qd4??? {doch Tasc R40 kommt nicht
auf den Gewinnzug, der Textzug verschenkt nahezu den gesamten Vorteil,
Komodo nur noch +0,60 für Weiss (schon enttäuschend auch jede x-beliebige
weit schwächere Engine wie z.B Ruffian, Rybka oder Dragon sehen den
Gewinnzug innerhalb weniger Sekunden)} Qc6 23. c4 Rc8 24. c5 a6?? {ein
Verlustzug, danach ist die Partie wieder klar verloren, Komodo -2,00 mit
der Fortsetzung Tb3, deutlich besser ist Db5 oder Td8} 25. Rb3! Qg2 {MCGE
ist mit Blindheit geschlagen, Bewertung: +0,96 ??} 26. Rd1 {Tasc R40 V 2.5:
+0,81 / allerdings nicht optimal, Komodo +1,50, deutlich stärker ist Kb2}
Ra8??? {MCGE: +0,40 ?????? / also das ist einfach nur noch absurd, was
bitte soll das bringen den Turm hier in die Ecke zu stellen ?, schon
alleine dieser Zug verdient sich redlich die Niederlage, eigentlich sollte
man danach sofort den Stecker ziehen, aber bei unseren Oldies kann man ja
nicht sicher sein, ob sie sowas auch bestrafen, Tatsache jedenfalls ein
ABSOLUTER VERLUSTZUG, danach ist alles vorbei, Komodo -4,50, nötig war Dd5
mit ca. -1,50, noch dazu wird dieser Zug nach vollen 10 Minuten !!
Bedenkzeit gespielt, EINFACH UNFASSBAR !!!} 27. Kb2? {ein ganz schlechter
Zug, der den Vorteil von Weiss etwa halbiert, Komodo +2,30, sofort gewonnen
hätte Le5} Qc6?? {einfach grottenschlecht, deutlich mehr Widerstand leistet
Dd5, nach dem Textzug ist praktisch wieder alles aus, Komodo -4,00} 28.
Kb1??? {ein grottenschlechter Zug, völlig sinnlos wird der König auf die
Grundreihe gezogen, das ist einfach planlos und büsst 2,5 Bauerneinheiten
!! ein, Komodo +1,50, sofort gewonnen hätte T1d3} a5? {klar schwächer als
Tc8, Komodo -2,00} 29. Rh3 Kf7 30. Be5 Rf5? {weit schwächer als Db7+,
Komodo -3,20} 31. Qxd7+ Qxd7 32. Rxd7+ Kf8 33. Rxh7 Re8 34. Bd6+ Kg8
{Komodo -4,00} 35. Ra7? {weit schwächer als Tb7, Komodo +2,50} Rc8 36. Rxa5
Kf7 37. Ra7+ Kf6 38. Be7+ Kf7?? {ein grottenschlechter Zug, der 1,5
Bauerneinheiten einbüsst, nötig war Kg7, Komodo -4,00} 39. Re3 {ein
schlechter Zug, der 1,5 Bauerneinheiten wieder retour gibt, aber gut der
richtige Zug Ld6+ war für Tasc R40 nicht spielbar, da Stellungswiederholung
und 0,00 aus seiner Sicht, lt. Komodo wäre es eine Fehlerkorrektur, Komodo
+2,50} Ng7? {es gibt nur 2 Möglichkeiten, um den E-Bauern zu decken und
selbst da wird noch die weit schlechtere gewählt, der Springer sollte nach
f4, Komodo -3,50} 40. Bd6+ {klar schwächer als a4, aber hier gewinnt
praktisch schon jede plausible Fortsetzung, Komodo +2,70} Kf6 41. Re7 Rd5
42. Re4 Ra8 43. h4 Rd1+ 44. Kb2 Rd5 45. a4 Ra6 46. Kb3 Ra8 47. Kb4 {Rest
geschenkt} 1-0
[/pgn]
[pgn]

[Event "Turnier 40 / 120"]
[Site "DESKTOP-NL3KVDB"]
[Date "2023.03.14"]
[Round "44"]
[White "MCGE ARM CORTEX M7 - 300 MHZ"]
[Black "Mephisto Phönix Tasc R40 V 2.5 Aktiv - 40 MHZ"]
[Result "1-0"]
[BlackElo "2401"]
[WhiteElo "2405"]

{Analyse ----> Komodo 13.02.} 1. d4 d5 2. Bf4 c5 3. e3 Nc6 4. c3 Nf6 5. Nd2
Bf5 6. Ngf3 e6 {Buchende} 7. Qb3 {Buchende} Qd7 {Buchbewertung Tasc R40 V
2.5: -0,11} 8. Bb5 {Buchbewertung MCGE: +0,20 / lt. Komodo steht Weiss
etwas besser mit ca. +0,50} Bd6 {besser ist c4, Komodo -0,90} 9. dxc5
{besser ist Lxd6, Komodo +0,50} Bxf4 10. exf4 O-O 11. Nd4 Nxd4? {ein
schwacher Zug, deutlich besser ist Dc7 mit Ausgleich, nach dem Textzug ist
Weiss im Vorteil, Komodo -1,00} 12. cxd4 Qc7 13. g3 Qa5 {nicht ideal,
besser ist b6, Komodo -1,30} 14. Qa4 Qc7 15. O-O a6 16. Be2 b5?? {das ist
natürlich ganz schlecht, danach hat Weiss einen weit vorgerückten,
gedeckten Freibauern, deutlich besser ist Tac8, danach ist die Partie
praktisch schon verloren, Komodo -2,00} 17. Qd1 Rfb8 18. b4 a5??? {ein
absoluter Verlustzug, danach ist die Partie bereits hoffnungslos verloren,
Komodo -4,30 mit der Fortsetzung a4, deutlich mehr Widerstand leistet noch
Se8 mit ca. -2,30} 19. a4! axb4 20. axb5 Rxa1 21. Qxa1 Qb7 22. Qb2 Ra8 23.
b6 Ra4 24. Rc1 Qc6 25. Bd1 Ra8 26. Ra1 Rf8 27. Qxb4 Rb8 {Komodo -12,00} 28.
Nf3 Qc8 29. Ne5 Be4 30. c6 Ng4 31. c7 Nxe5 32. cxb8=R {Komodo Matt in 10}
Qxb8 33. b7 {Rest geschenkt} 1-0
[/pgn]
[pgn]

[Event "Turnier 40 / 120"]
[Site "DESKTOP-NL3KVDB"]
[Date "2023.03.15"]
[Round "45"]
[White "Mephisto Phönix Tasc R40 V 2.5 Aktiv - 40 MHZ"]
[Black "MCGE ARM CORTEX M7 - 300 MHZ"]
[Result "0-1"]
[BlackElo "2405"]
[WhiteElo "2401"]

{Analyse ---> Komodo 13.02.} 1. c4 {Buchende} b6 2. Nf3 {Buchbewertung Tasc
R40 V 2.5: +0,37} Bb7 3. Nc3 c5 4. e3 g6 {Buchende} 5. d4 Bg7
{Buchbewertung MCGE: -0,21 / lt. Komodo steht Weiss etwas besser mit ca.
+0,60} 6. Bd3 {besser ist d5, nach dem Textzug ist die Stellung im Lot}
cxd4 7. exd4 Bxf3 8. Qxf3 Nc6 9. O-O? {dieses Bauerngeschenk bewertet
Komodo zwar nicht katastrophal überraschenderweise nur mit +0,30 für
Schwarz, dennoch völlig unnötig verliert einfach wieder einen starken
Zentrumsbauern, für mich indiskutabel, warum nicht einfach d5 ?} Nxd4 {klar
und danke !} 10. Qg3 {Tasc R40 V2.5, schätzt sich trotz des Minusbauern
besser ein: +0,55} Rc8 {aber auch MCGE überbewertet diesen Bauerngewinn
NICHT, und sieht sich nur hauchdünn mit +0,18 im Vorteil und das entspricht
auch der Einschätzung von Komodo, Weiss hat schon Kompensation für den
Bauern durch Entwicklungsvorsprung} 11. Be3 Nc6 12. Rad1 Be5 {ein sinnloser
Zug, der jeglichen Vorteil verspielt, Komodo 0,00, deutlich besser ist
natürlich logische Entwicklung mit Sf6} 13. Bf4 Bxc3 14. bxc3 Nf6? {ein
schlechter Zug, danach steht Weiss bereits besser und kann mit dem lästigen
Zug Lh6 ! die Rochade verhindern, Komodo -0,70, deutlich besser ist d6 oder
Sa5 mit Ausgleich} 15. Qf3? {verpasst das weit stärkere Lh6, nach dem
Textzug ist Schwarz wieder leicht im Vorteil mit der Fortsetzung 0-0,
Komodo -0,30} Nh5 {etwas schwächer als 0-0 jetzt vertreibt Schwarz den
Läufer nach h6 und die Rochade wird verhindert, dafür hat er aber Se5 und
kann in der Folge den Läufer d3 nehmen und Weiss um das Läuferpaar bringen,
daher ist die Stellung hier im Lot, Komodo 0,00} 16. Bh6 Ne5 17. Qe2 Nxd3
18. Qxd3 Rc6 19. Rfe1 Qc8 20. Qe4 Re6 21. Qd4 Rg8 22. Bg5?? {ein
Verlustzug, danach ist die Partie praktisch schon verloren, Komodo -1,50,
nötig war g4 und die Stellung wäre im Lot gewesen.} Ng7! 23. Qh4 {besser
ist noch Txe6, Komodo -2,00} h5 24. Qd4 Rxe1+ 25. Rxe1 Ne6 26. Qd5 Nxg5?
{ein schwacher Zug, weit besser ist f6, Komodo +1,00} 27. Qxg5 e6 28. Re4?
{ein ganz schlechter Zug, der die Partie bereits verliert, Komodo -1,80,
nötig war Dg3 mit ca. -1,00} Qc5 29. Qxc5 {besser ist noch Dg3, hier kann
man schon den Stecker ziehen, ein Turmendspiel mit Mehrbauer für den MCGE,
wie wird es wohl enden ?, Komodo -2,00, der Rest muss nicht mehr
kommentiert werden, es endet wohl wie immer.} bxc5 30. Re2 Ke7 31. Rb2 Kd6
32. Kf1 Rc8 33. Ke2 Rc6 34. Rd2+ Ke7 35. Ke3 Ra6 36. h4 Ra3 37. Rc2 f6 38.
Kd2 e5 39. Kd3 Ke6 40. f3 Kf5 41. Ke2 d6 42. g3 g5 43. hxg5 fxg5 44. Kf2 g4
45. fxg4+ Kxg4 46. Rd2 Ra6 47. a4 Rxa4 48. Rxd6 Rxc4 49. Rg6+ Kf5 50. Rh6
Kg5 51. Re6 e4 52. Re5+ Kg4 53. Re8 a5 54. Rg8+ Kf5 55. Rh8 Rxc3 56. Rxh5+
Ke6 57. g4 a4 58. Rh6+ Kd5 59. Ra6 a3 60. g5 Rf3+ 61. Kg2 Rf5 62. g6 Rg5+
63. Kf2 Kd4 64. Rd6+ Kc3 65. Ra6 Kb4 66. Ke2 c4 67. Ke3 c3 68. Rb6+ Ka5 69.
Rb1 c2 70. Ra1 Kb4 71. Kxe4 Kb3 {Rest geschenkt} 0-1
[/pgn]
[pgn]

[Event "Turnier 40 / 120"]
[Site "DESKTOP-NL3KVDB"]
[Date "2023.03.16"]
[Round "46"]
[White "MCGE ARM CORTEX M7 - 300 MHZ"]
[Black "Mephisto Phönix Tasc R40 V 2.5 Aktiv - 40 MHZ"]
[Result "1-0"]
[BlackElo "2401"]
[WhiteElo "2405"]

{Analyse ---> Komodo 13.02.} 1. e4 c5 2. Nf3 d6 {Buchende} 3. Nc3 Nf6 4. d4
cxd4 5. Nxd4 a6 {Tasc R40 V 2.5 wieder im Buch} 6. Be2 Nbd7 {Buchende} 7.
Be3 {Buchende} e5 {Buchbewertung Tasc R40 V 2.5: -0,72} 8. Nf3?
{Buchbewertung MCGE: +0,28 / gleich der 1. berechnete Zug ist nicht ideal
und bringt keinerlei Vorteil für Weiss, Komodo 0,00 / nach 8. Sf5 wäre
Weiss mit ca. +0,70 im Vorteil gewesen.} b5 9. a4 b4 10. Nd5 Bb7 11. O-O
Nxd5 12. exd5 Qa5 13. Bc4 Nf6 14. Re1 {klar vorzuziehen ist c3} Bxd5 15.
Bxd5? {ein schwacher Zug, danach ist Schwarz bereits im Vorteil, Komodo
-0,60, besser ist sowohl Sd2 als auch Lb6 beides mit Ausgleich} Qxd5 16.
Bg5 {auch nicht ideal besser ist sowohl De2 als auch Ld2, Komodo -0,80} Rc8
{etwas besser ist Dxd1, Komodo +0,60} 17. Bxf6 Qxd1 18. Raxd1 gxf6 19. Re2
Kd7 20. g3 Rg8 21. Kf1 Bg7 22. Ne1 {besser ist Sh4} Bh6? {ein schwacher
Zug, der jeglichen Vorteil verspielt, danach ist die Stellung im Lot, nötig
war entweder Tc6 oder Tc5 mit ca. +0,80 für Schwarz} 23. Re4! a5 24. Rd5
{besser ist Th4} Rc5 {eine bessere Alternative ist Ta8} 25. Rxc5 dxc5 26.
Rh4 Rg6 27. Nd3 Kc6 28. b3 Kd5 29. Nb2 f5 30. Nc4 Rf6? {ein schwacher Zug,
danach ist Weiss klar im Vorteil, Komodo -1,00, nötig war e4 mit Ausgleich}
31. Nxa5 e4 32. Nc4 Kd4 33. Ke2 Kc3? {ein schwacher Zug, deutlich mehr
Widerstand leistet f4, Komodo -1,30} 34. Kd1 f4 35. gxf4 Bxf4 36. Rh3+ Kd4
37. Rxh7 Kc3? {ein schlechter Zug, danach ist die Partie praktisch schon
verloren, Komodo -2,00, deutlich besser ist Lc7} 38. Rh3+ Kd4 39. Rh4 Bb8
40. Ke2 Re6 41. Rh5 {deutlich schwächer als a5, Komodo +1,50} Ra6??? {ein
absoluter Verlustzug, danach ist alles aus, Komodo -3,30 mit der
Fortsetzung Se3, nötig war Kc3} 42. Ne3 Be5 43. Kd2 Rf6 44. Nf5+ {besser
ist Tf5, aber auch nach dem Textzug gewinnt Weiss leicht, Komodo +3,00} Kd5
45. Ke3 Kc6 46. Kxe4 {ein 2. Mehrbauer für Weiss entscheidet wohl die
Partie schon endgültig, Komodo -3,60} Re6 47. h4 Bf6+ 48. Kf3 Kd7 49. Rh6
Ra6 50. h5 {da ist nichts mehr zu retten für Schwarz, Komodo -8,00} Re6 51.
Ne3 Bg7 52. Rxe6 fxe6 {Weiss hat auf beiden Brettende einen Freibauern und
mit dem Springer eine Figur die, die Farbe wechseln kann und die Bauern
unterstützen kann, der schwarze König kann nicht auf beiden Seiten
gleichzeitig sein, daher absolut hoffnungslos, ergo Userentscheid: 1-0} 1-0
[/pgn]
[pgn]

[Event "Turnier 40 / 120"]
[Site "DESKTOP-NL3KVDB"]
[Date "2023.03.16"]
[Round "47"]
[White "Mephisto Phönix Tasc R40 V 2.5 Aktiv - 40 MHZ"]
[Black "MCGE ARM CORTEX M7 - 300 MHZ"]
[Result "1-0"]
[BlackElo "2405"]
[WhiteElo "2401"]

{Analyse ---> Komodo 13.02.} 1. e4 d6 2. d4 g6 3. Nc3 Nf6 4. Nf3 Bg7 5. h3
O-O 6. Be2 {Buchende} c5 7. dxc5 {Buchbewertung Tasc R40 V 2.5: +0,41} Qa5
{Buchende} 8. O-O dxc5 {Buchbewertung MCGE: +0,01 / lt. Komodo steht Weiss
etwas besser mit ca. +0,60} 9. e5 Nfd7 10. Bf4 Nc6 11. Bb5 {besser ist Sd5,
die Stellung ist im Lot} Ndb8 12. Qe2 Rd8 13. Rad1 Nd4 14. Nxd4 {besser ist
De3} cxd4 15. Ne4 Nc6 16. c3 Qb6 17. Rfe1 Bxe5??? {ein grottenschlechter
Zug, danach ist die Partie praktisch schon verloren, Komodo -1,30, nötig
war Lf5 mit Ausgleich} 18. Bxe5 Nxe5 19. cxd4 Rxd4??? {ein Verlustzug,
danach ist die Partie bereits ganz klar verloren, Komodo -2,50, immer noch
war Lf5 die klar bessere Wahl, das hätte den Schaden noch begrenzen können
mit ca. -1,20 (der Textzug verdoppelt also den Nachteil von Schwarz !!)}
20. Rxd4 {Doch natürlich gilt wieder: Verloren aus Sicht der Top-Engine,
Tasc R40 sieht sich nur mit +0,33 im Vorteil} Qxd4 {MCGE sieht sogar
keinerlei Grund zur Sorge: +0,06 ?} 21. Rd1 Qb6 22. Nc3 Qc7??? {MCGE hat
völlig die Orientierung verloren und stolpert nur noch durch diese Partie,
der nächste Katastrophenzug, danach ist wahrlich Hopfen und Malz verloren,
Komodo -3,50 !!, deutlich besser ist noch De6 mit ca. -2,50} 23. Nd5! {na
klar, Tasc R40 sieht auch schon den klaren Gewinn: +1,61} Qd6 24. f4! Qc5+
{etwas besser ist noch Sc6, aber hier ist es schon egal, Komodo -4,00} 25.
Kh2 Nc6 {hier ist sogar noch Sf3+ !! besser, Komodo -5,00} 26. Bxc6 bxc6
27. b4 Qxd5 28. Rxd5 cxd5 29. Qxe7 {Rest geschenkt / eine
Katastrophenpartie von MCGE, will aber nicht die Leistung von Tasc R40
schmälern, der machte hier alles richtig !} 1-0
[/pgn]
[PGN]